| 000 | 00530nam a2200181 4500 | ||
|---|---|---|---|
| 001 | 120491 | ||
| 003 | ES-MaACL | ||
| 005 | 20230906191549.0 | ||
| 007 | t| | ||
| 008 | 070214s1920 fr r ||||1| fre d | ||
| 100 | 1 |
_aPoirier, Paul ( _d1853-1907) _992767 |
|
| 245 | 1 | 0 |
_aPrécis de dissection / _cpar Paul Poirier, Amédée Baumgartner. |
| 250 | _a4ª. ed. | ||
| 260 |
_aParis : _bMasson et Cie, _c1920. |
||
| 300 |
_aXXIII, 360 p. : _bil. ; _c20 cm. |
||
| 700 | 1 |
_aBaumgartner, Amédée. _926597 |
|
| 852 |
_aES-MaACL _jB-11709 |
||
| 999 |
_c120491 _d120491 |
||